[Event "Madrid ch - Previa B 2013"]
[Site "Madrid ESP"]
[Date "2013.02.15"]
[Round "6.11"]
[White "Yeves Miquel, Enrique"]
[Black "Vela Martinez, Jose"]
[Result "1-0"]
[WhiteElo "1742"]
[BlackElo "1542"]
[PlyCount "77"]
[EventDate "2013.02.01"]
[EventType "swiss"]
[EventRounds "9"]
[EventCountry "ESP"]
[Source "lmi"]
[SourceDate "2013.02.01"]

1. d4 Nf6 2. c4 g6 3. Nc3 Bg7 4. e4 d6 5. Nf3 O-O 6. Be2 Nbd7 7. O-O Nb6 8. a4
a5 9. Qc2 Bg4 10. c5 Nbd7 11. Rd1 Qc8 12. Be3 Re8 13. h3 Bxf3 14. Bxf3 e5 15.
cxd6 cxd6 16. Rac1 Nb6 17. dxe5 Nfd7 18. exd6 Bxc3 19. bxc3 Nc4 20. Bh6 Nce5
21. Be2 f6 22. Be3 Nf7 23. Rb1 Rf8 24. c4 Nde5 25. c5 Rd8 26. Qb3 Rb8 27. f4
Nd7 28. Rbc1 Nf8 29. Bc4 Qd7 30. Bd5 Kg7 31. Bd2 Rdc8 32. Bxa5 Nd8 33. Bc7 Ra8
34. Bxd8 Rxd8 35. Bxb7 Ra7 36. c6 Qf7 37. Qb6 Rda8 38. Bxa8 Rxa8 39. d7 1-0

[Event "Madrid ch - Previa B 2013"]
[Site "Madrid ESP"]
[Date "2013.02.15"]
[Round "6.12"]
[White "Tirado Parra, Alberto"]
[Black "Lopez Ziegler, Juan Jose"]
[Result "1-0"]
[WhiteElo "1920"]
[BlackElo "1451"]
[PlyCount "25"]
[EventDate "2013.02.01"]
[EventType "swiss"]
[EventRounds "9"]
[EventCountry "ESP"]
[Source "lmi"]
[SourceDate "2013.02.01"]

1. b4 d5 2. Bb2 e6 3. b5 c6 4. a4 Qa5 5. e3 Nd7 6. Nf3 Bb4 7. Bxg7 Nb6 8. Bxh8
f6 9. Nd4 Bd7 10. Qh5+ Ke7 11. Qxh7+ Kd6 12. c3 Bc5 13. Nb3 1-0

[Event "Madrid ch - Previa B 2013"]
[Site "Madrid ESP"]
[Date "2013.02.15"]
[Round "6.13"]
[White "Melcon Diez, Enrique"]
[Black "Merino Araguas, Jose Javier"]
[Result "0-1"]
[WhiteElo "1669"]
[BlackElo "1829"]
[PlyCount "132"]
[EventDate "2013.02.01"]
[EventType "swiss"]
[EventRounds "9"]
[EventCountry "ESP"]
[Source "lmi"]
[SourceDate "2013.02.01"]

1. c4 e5 2. Nc3 d6 3. Nf3 f5 4. g3 Nf6 5. Bg2 Be7 6. O-O O-O 7. d3 c6 8. Qb3
Qc7 9. Bd2 Na6 10. Na4 Kh8 11. Rac1 Be6 12. Qc3 c5 13. Qb3 Rab8 14. Nc3 Bd7 15.
Bg5 Nb4 16. Bxf6 gxf6 17. a3 Nc6 18. Nd5 Qd8 19. Qc3 Rg8 20. e3 Bf8 21. b4 Bg7
22. b5 Ne7 23. a4 Nxd5 24. cxd5 Bh6 25. Rc2 Qe7 26. d4 cxd4 27. exd4 Rbc8 28.
Qb3 Rxc2 29. Qxc2 Rc8 30. Qb2 e4 31. Re1 Qf7 32. Nd2 Qxd5 33. f4 Qf7 34. Rc1
Rxc1+ 35. Qxc1 Be6 36. Bf1 Qd7 37. Qc3 d5 38. Nb3 b6 39. Qc6 Bf8 40. Kg2 Be7
41. Kf2 Kg7 42. Kg2 Bd6 43. a5 Qxc6 44. bxc6 Kf7 45. axb6 axb6 46. Nd2 Ke7 47.
Ba6 Kd8 48. Kf2 Kc7 49. Bb5 Bf7 50. Nf1 Be8 51. Ne3 Bxc6 52. Bxc6 Kxc6 53. Nxf5
b5 54. Ne3 b4 55. Ke2 b3 56. Kd1 Bb4 57. f5 Bc3 58. g4 Bxd4 59. Nf1 Kb5 60. Nd2
Kb4 61. Nb1 Be3 62. h4 Bf4 63. Ke2 d4 64. Kd1 d3 65. h5 Kc4 66. Ke1 Kd4 0-1

[Event "Madrid ch - Previa B 2013"]
[Site "Madrid ESP"]
[Date "2013.02.15"]
[Round "6.14"]
[White "Bento Iglesias, Pablo"]
[Black "Sebastian Enesco, Alex"]
[Result "1-0"]
[WhiteElo "1525"]
[BlackElo "1771"]
[PlyCount "49"]
[EventDate "2013.02.01"]
[EventType "swiss"]
[EventRounds "9"]
[EventCountry "ESP"]
[Source "lmi"]
[SourceDate "2013.02.01"]

1. e4 Nf6 2. Nc3 d5 3. exd5 Nxd5 4. Nxd5 Qxd5 5. c4 Qa5 6. Nf3 Nc6 7. Be2 e5 8.
O-O e4 9. Ne1 Be6 10. d4 O-O-O 11. d5 Ne5 12. Qd4 Bd6 13. dxe6 Nf3+ 14. Nxf3
Bxh2+ 15. Kxh2 Rxd4 16. Nxd4 Qe5+ 17. Kg1 Qxd4 18. exf7 Rf8 19. Bg4+ Kb8 20.
Rd1 Qxc4 21. Rd7 e3 22. Bxe3 Qxg4 23. Rad1 Qh4 24. Bc5 Rc8 25. Rd8 1-0

[Event "Madrid ch - Previa B 2013"]
[Site "Madrid ESP"]
[Date "2013.02.15"]
[Round "6.15"]
[White "Lianes Garcia, Marcos"]
[Black "Rottenwoerer, Christoph"]
[Result "1-0"]
[WhiteElo "1724"]
[BlackElo "1609"]
[PlyCount "105"]
[EventDate "2013.02.01"]
[EventType "swiss"]
[EventRounds "9"]
[EventCountry "ESP"]
[Source "lmi"]
[SourceDate "2013.02.01"]

1. e4 c5 2. Nf3 g6 3. c3 d5 4. exd5 Qxd5 5. d4 Bg7 6. Na3 cxd4 7. Bc4 Qe4+ 8.
Be3 Nh6 9. cxd4 O-O 10. Nb5 Nc6 11. Nc3 Qg4 12. h3 Qd7 13. g4 e6 14. Qd2 Rd8
15. Bxh6 Nxd4 16. Nxd4 Qxd4 17. Qxd4 Rxd4 18. Bxg7 Kxg7 19. Be2 Rb4 20. O-O-O
Rf4 21. f3 b5 22. Nxb5 Ba6 23. Rhf1 Rc8+ 24. Kb1 Rc5 25. Nd4 Bb7 26. Rd2 Bd5
27. Nb3 Rc7 28. Rc2 Rb7 29. Rc3 Rbb4 30. Rd1 Rb6 31. Rd4 Rf6 32. Ra4 Rb7 33.
Nc5 Re7 34. Rd4 a5 35. Nb3 Ra7 36. Ra4 Bxb3 37. Rxb3 e5 38. a3 Rd6 39. Rd3 Rad7
40. Rxd6 Rxd6 41. Rxa5 f6 42. Rc5 Rd2 43. Rc2 Rd4 44. b4 e4 45. b5 exf3 46.
Bxf3 Rd3 47. Bg2 Rxa3 48. b6 Rb3+ 49. Rb2 Re3 50. b7 Re1+ 51. Ka2 Re8 52. b8=Q
Rxb8 53. Rxb8 1-0

[Event "Madrid ch - Previa B 2013"]
[Site "Madrid ESP"]
[Date "2013.02.15"]
[Round "6.17"]
[White "Soto Martin, Miguel"]
[Black "Lacaci Otero, Ivan"]
[Result "0-1"]
[WhiteElo "1497"]
[BlackElo "1671"]
[PlyCount "34"]
[EventDate "2013.02.01"]
[EventType "swiss"]
[EventRounds "9"]
[EventCountry "ESP"]
[Source "lmi"]
[SourceDate "2013.02.01"]

1. d4 Nf6 2. Nf3 g6 3. g3 Bg7 4. Bg2 c5 5. dxc5 Na6 6. Be3 Qc7 7. Nc3 Nxc5 8.
O-O O-O 9. Nb5 Qb6 10. a4 Ng4 11. Bd4 e5 12. Bc3 Ne4 13. Bb4 Nexf2 14. a5 Nh3+
15. Kh1 Qg1+ 16. Nxg1 Ngf2+ 17. Rxf2 Nxf2# 0-1

[Event "Madrid ch - Previa B 2013"]
[Site "Madrid ESP"]
[Date "2013.02.15"]
[Round "6.18"]
[White "Rodriguez Sebastian, Roberto"]
[Black "Peñas Merino, Ramona"]
[Result "0-1"]
[WhiteElo "1670"]
[BlackElo "1684"]
[PlyCount "94"]
[EventDate "2013.02.01"]
[EventType "swiss"]
[EventRounds "9"]
[EventCountry "ESP"]
[Source "lmi"]
[SourceDate "2013.02.01"]

1. e4 e6 2. d4 d5 3. exd5 exd5 4. Bd3 Bd6 5. Ne2 Ne7 6. Bf4 O-O 7. Bxd6 Qxd6 8.
O-O Bf5 9. Ng3 Bxd3 10. Qxd3 Nd7 11. Nc3 c6 12. Rfe1 Rfe8 13. Re2 Ng6 14. Rae1
Rxe2 15. Rxe2 Nf4 16. Nf5 Nxe2+ 17. Nxe2 Qe6 18. h3 Re8 19. Neg3 Nf6 20. a4 Ne4
21. f3 Nxg3 22. Nxg3 Qe3+ 23. Qxe3 Rxe3 24. Kf2 Re7 25. Nf5 Rd7 26. Ke3 g6 27.
Nh4 f5 28. g4 fxg4 29. hxg4 Re7+ 30. Kd2 Kg7 31. b3 b6 32. c4 a6 33. Ng2 Rf7
34. Ke3 dxc4 35. bxc4 Kf6 36. Kf4 g5+ 37. Ke3 Ke6 38. Ke4 b5 39. axb5 cxb5 40.
d5+ Kd6 41. cxb5 axb5 42. f4 gxf4 43. Nxf4 b4 44. Nd3 b3 45. Kd4 Rc7 46. Nf2 b2
47. Ne4+ Kd7 0-1

[Event "Madrid ch - Previa B 2013"]
[Site "Madrid ESP"]
[Date "2013.02.15"]
[Round "6.19"]
[White "Martinez Montalvo, Eduardo"]
[Black "Hrybanova, Valeria"]
[Result "1-0"]
[WhiteElo "1793"]
[BlackElo "1556"]
[PlyCount "55"]
[EventDate "2013.02.01"]
[EventType "swiss"]
[EventRounds "9"]
[EventCountry "ESP"]
[Source "lmi"]
[SourceDate "2013.02.01"]

1. e4 e5 2. Nf3 Nc6 3. d4 exd4 4. Bc4 h6 5. O-O Bc5 6. c3 Qf6 7. e5 Qg6 8. cxd4
Bb6 9. Re1 Nge7 10. d5 Nb4 11. a3 Na6 12. Nh4 Qh7 13. Bd3 g6 14. b4 Nxd5 15.
Bxa6 bxa6 16. Qxd5 c6 17. Qd6 g5 18. e6 fxe6 19. Nf3 Rf8 20. Be3 g4 21. Ne5 Qf5
22. Bxb6 axb6 23. Nd3 Rf6 24. Nd2 Kd8 25. Ne4 Rg6 26. Ne5 Rg8 27. Nxc6+ Ke8 28.
Qe7# 1-0

[Event "Madrid ch - Previa B 2013"]
[Site "Madrid ESP"]
[Date "2013.02.15"]
[Round "6.21"]
[White "Ojosnegros Martin, Angel"]
[Black "Franco Rincon, David"]
[Result "0-1"]
[WhiteElo "1522"]
[BlackElo "1671"]
[PlyCount "64"]
[EventDate "2013.02.01"]
[EventType "swiss"]
[EventRounds "9"]
[EventCountry "ESP"]
[Source "lmi"]
[SourceDate "2013.02.01"]

1. e4 e5 2. Nf3 Nc6 3. Bc4 Bc5 4. c3 d6 5. d4 exd4 6. cxd4 Bb4+ 7. Bd2 Bxd2+ 8.
Nbxd2 Bg4 9. O-O Nxd4 10. Qa4+ Nc6 11. Rfe1 Nge7 12. Rac1 O-O 13. h3 Bh5 14.
Qc2 Bg6 15. Nh4 Ne5 16. Nxg6 N7xg6 17. Bb3 Qg5 18. Nf1 Nf3+ 19. Kh1 Nxe1 20.
Rxe1 c6 21. Ng3 Nf4 22. Qc3 Rfe8 23. Qf3 d5 24. Rd1 Rad8 25. exd5 Nxd5 26. Ne4
Qe5 27. Nc3 Nf6 28. Rxd8 Rxd8 29. h4 Rd2 30. g4 Rd4 31. g5 Rxh4+ 32. Kg1 Qxg5+
0-1

[Event "Madrid ch - Previa B 2013"]
[Site "Madrid ESP"]
[Date "2013.02.15"]
[Round "6.25"]
[White "Vazquez Cabeza, Isaac"]
[Black "San Felipe Asis, Raquel"]
[Result "0-1"]
[WhiteElo "1493"]
[BlackElo "1650"]
[PlyCount "90"]
[EventDate "2013.02.01"]
[EventType "swiss"]
[EventRounds "9"]
[EventCountry "ESP"]
[Source "lmi"]
[SourceDate "2013.02.01"]

1. c4 Nf6 2. Nc3 c5 3. d3 Nc6 4. g3 d5 5. cxd5 Nxd5 6. Bg2 e6 7. Nf3 Be7 8. O-O
O-O 9. Bd2 a6 10. Qc1 b5 11. Ne4 Qb6 12. Be3 Nxe3 13. Qxe3 Bb7 14. Rac1 Nd4 15.
b4 Bxe4 16. dxe4 Rfd8 17. Rfd1 h6 18. e5 Nxf3+ 19. Bxf3 Rxd1+ 20. Rxd1 Rb8 21.
Rd7 Bf8 22. Bh5 g6 23. Qf4 f5 24. Bxg6 Rb7 25. Rxb7 Qxb7 26. bxc5 Qd5 27. Qe3
Qxc5 28. Qxc5 Bxc5 29. e3 Kf8 30. Kf1 a5 31. Ke2 Ke7 32. Kd3 Kd7 33. h3 Bb6 34.
f3 Bc7 35. f4 Bb6 36. e4 fxe4+ 37. Kxe4 b4 38. g4 a4 39. f5 b3 40. axb3 a3 41.
f6 a2 42. Bh5 a1=Q 43. f7 Qd4+ 44. Kf3 Qe3+ 45. Kg2 Qf2+ 0-1

[Event "Madrid ch - Previa B 2013"]
[Site "Madrid ESP"]
[Date "2013.02.15"]
[Round "6.26"]
[White "Torres Alvarez, Augusto J"]
[Black "Lopez Garralon, Jorge"]
[Result "1/2-1/2"]
[WhiteElo "1541"]
[BlackElo "1270"]
[PlyCount "100"]
[EventDate "2013.02.01"]
[EventType "swiss"]
[EventRounds "9"]
[EventCountry "ESP"]
[Source "lmi"]
[SourceDate "2013.02.01"]

1. d4 d6 2. c4 Nf6 3. Nc3 Nbd7 4. Nf3 e5 5. d5 Be7 6. e4 c6 7. Bg5 Qc7 8. Be2
h6 9. Bh4 Nf8 10. b4 g5 11. Bg3 Ng6 12. Nd2 a6 13. a3 Bd7 14. Nf3 a5 15. Qc1
Nf4 16. Bxf4 exf4 17. h3 cxd5 18. Nxd5 Nxd5 19. cxd5 Qb6 20. Qb2 f6 21. Rc1 Kf7
22. Qd4 Qd8 23. Nd2 axb4 24. Qxb4 Rc8 25. Rxc8 Qxc8 26. Bh5+ Kg7 27. Qb2 Qc5
28. O-O b5 29. Nb3 Qc4 30. Qb1 Rf8 31. Rc1 Qa4 32. e5 f5 33. e6 Be8 34. Bxe8
Rxe8 35. Rc7 Kg6 36. Qd3 Qxa3 37. Qxb5 Qa8 38. Qd3 Qb8 39. Rc2 Qb7 40. g4 fxg3
41. fxg3 Rf8 42. Kg2 Rb8 43. Rf2 Qxb3 44. Qxf5+ Kg7 45. Qf7+ Kh8 46. Qxe7 Qxd5+
47. Kh2 Qe5 48. Rf8+ Rxf8 49. Qxf8+ Kh7 50. e7 Qe2+ 1/2-1/2

[Event "Madrid ch - Previa B 2013"]
[Site "Madrid ESP"]
[Date "2013.02.15"]
[Round "6.27"]
[White "Villarroya Samaniego, Javier"]
[Black "Roman Garcia, Jose Luis"]
[Result "0-1"]
[WhiteElo "1275"]
[BlackElo "1512"]
[PlyCount "84"]
[EventDate "2013.02.01"]
[EventType "swiss"]
[EventRounds "9"]
[EventCountry "ESP"]
[Source "lmi"]
[SourceDate "2013.02.01"]

1. Nf3 d5 2. g3 Nf6 3. Bg2 Nc6 4. d3 e5 5. O-O Be7 6. Nbd2 O-O 7. c4 e4 8. dxe4
dxe4 9. Ng5 Bf5 10. Ngxe4 Qc8 11. Nxf6+ Bxf6 12. a3 Re8 13. e3 Ne5 14. Ra2 c6
15. b3 Nd3 16. Qe2 Nc5 17. Bb2 Bd3 18. Qe1 Bxf1 19. Qxf1 Qe6 20. Bh3 Qd6 21.
Qe2 Rad8 22. Bc1 Bc3 23. b4 Nd3 24. Qd1 Nxc1 25. Qxc1 Bxd2 26. Qd1 Bxb4 27.
Qxd6 Bxd6 28. a4 a5 29. Bg2 Bb4 30. h4 Rd1+ 31. Bf1 h5 32. Kg2 Red8 33. Be2
R1d2 34. Rxd2 Rxd2 35. Bxh5 Rc2 36. Bg4 Bc5 37. Kf1 Rxc4 38. Bd1 b5 39. Bb3 Rb4
40. axb5 Rxb3 41. bxc6 Bb6 42. Ke2 Rc3 0-1

[Event "Madrid ch - Previa B 2013"]
[Site "Madrid ESP"]
[Date "2013.02.15"]
[Round "6.28"]
[White "Escanciano Reyero, Daniel"]
[Black "Caravantes Camacho, Fernando"]
[Result "1-0"]
[WhiteElo "1498"]
[BlackElo "1817"]
[PlyCount "63"]
[EventDate "2013.02.01"]
[EventType "swiss"]
[EventRounds "9"]
[EventCountry "ESP"]
[Source "lmi"]
[SourceDate "2013.02.01"]

1. e4 e6 2. Nf3 c5 3. Nc3 Nc6 4. Bc4 Nf6 5. d3 Be7 6. a3 a5 7. Bf4 d5 8. Ba2 d4
9. Nb5 O-O 10. Bc4 Nd7 11. Nc7 e5 12. Nxa8 exf4 13. Qd2 Bd6 14. g3 fxg3 15.
hxg3 Nce5 16. Qe2 Nf6 17. Nxe5 Bxe5 18. f4 Bg4 19. Qh2 Bd6 20. Kd2 Re8 21. Rae1
Bf3 22. e5 Bxe5 23. fxe5 Nh5 24. Qh4 g5 25. Qh3 Qxa8 26. Bxf7+ Kxf7 27. Qf5+
Kg7 28. Qxf3 Nxg3 29. Qf6+ Kg8 30. Qxg5+ Kf7 31. Rxh7+ Kf8 32. Qf6+ 1-0

[Event "Madrid ch - Previa B 2013"]
[Site "Madrid ESP"]
[Date "2013.02.15"]
[Round "6.29"]
[White "Muñoz Cebey, Ricardo"]
[Black "Martin Rodriguez, Jose Luis"]
[Result "1-0"]
[WhiteElo "1961"]
[BlackElo "1452"]
[PlyCount "83"]
[EventDate "2013.02.01"]
[EventType "swiss"]
[EventRounds "9"]
[EventCountry "ESP"]
[Source "lmi"]
[SourceDate "2013.02.01"]

1. e4 e6 2. d4 d5 3. Nd2 c5 4. exd5 exd5 5. Ngf3 Nf6 6. Bb5+ Bd7 7. Bxd7+ Nbxd7
8. dxc5 Qe7+ 9. Qe2 Qxe2+ 10. Kxe2 Bxc5 11. Nb3 O-O 12. Rd1 Rac8 13. Nxc5 Nxc5
14. Nd4 Rfe8+ 15. Kf1 Ne6 16. c3 Nxd4 17. Rxd4 Re6 18. Bg5 Re5 19. Bxf6 gxf6
20. Rad1 Rce8 21. Rxd5 Re2 22. Rd8 R2e7 23. Rxe8+ Rxe8 24. Rd7 Rb8 25. Ke2 Kf8
26. Kd3 Ke8 27. Rc7 Rd8+ 28. Kc2 Rb8 29. b4 Kf8 30. c4 Re8 31. Kd2 Rd8+ 32. Ke2
Re8+ 33. Kf3 Rd8 34. Rxb7 Rd3+ 35. Ke2 Ra3 36. c5 Rxa2+ 37. Kf3 a5 38. c6 axb4
39. c7 Ra3+ 40. Kf4 Ra4 41. c8=Q+ Kg7 42. Rxf7+ 1-0

[Event "Madrid ch - Previa B 2013"]
[Site "Madrid ESP"]
[Date "2013.02.16"]
[Round "7.1"]
[White "Garcia-Ruiz Fuentes, Angel M"]
[Black "Cano Cabanillas, Javier"]
[Result "0-1"]
[WhiteElo "1963"]
[BlackElo "1985"]
[PlyCount "62"]
[EventDate "2013.02.01"]
[EventType "swiss"]
[EventRounds "9"]
[EventCountry "ESP"]
[Source "lmi"]
[SourceDate "2013.02.01"]

1. e4 e6 2. d3 d5 3. Nd2 Nf6 4. Ngf3 dxe4 5. dxe4 Nc6 6. c3 Bc5 7. Bb5 Bd7 8.
Qe2 a6 9. Ba4 Qe7 10. Bc2 e5 11. O-O O-O 12. Nc4 h6 13. Ne3 Be6 14. Nh4 Bxe3
15. Qxe3 Rad8 16. Bb3 Bxb3 17. axb3 Qe6 18. Nf5 Nh7 19. Qg3 Qg6 20. Qxg6 fxg6
21. Ne3 Ng5 22. f3 Ne6 23. Nd5 Rf7 24. Be3 Rfd7 25. Rfd1 Kf7 26. Kf2 Ne7 27. c4
Nc6 28. b4 Nxb4 29. Bd2 Nd3+ 30. Ke2 Nxb2 31. Rab1 Nxd1 0-1

[Event "Madrid ch - Previa B 2013"]
[Site "Madrid ESP"]
[Date "2013.02.16"]
[Round "7.2"]
[White "Rodriguez Del Pino, Daniel"]
[Black "Garcia Serrano, Jose M. Ii"]
[Result "0-1"]
[WhiteElo "1906"]
[BlackElo "1877"]
[PlyCount "42"]
[EventDate "2013.02.01"]
[EventType "swiss"]
[EventRounds "9"]
[EventCountry "ESP"]
[Source "lmi"]
[SourceDate "2013.02.01"]

1. e4 e5 2. Nf3 Nc6 3. Bc4 Nf6 4. Ng5 d5 5. exd5 Nd4 6. c3 b5 7. Bf1 Nxd5 8.
cxd4 Qxg5 9. Bxb5+ Kd8 10. O-O Bb7 11. Qf3 Rb8 12. Qh3 Bc8 13. d3 Qg6 14. Qf3
Rxb5 15. a4 Bg4 16. Qe4 f5 17. Qe1 Bf3 18. g3 Bb4 19. Bd2 Qg4 20. Qxe5 Qh3 21.
Bg5+ Kc8 0-1

[Event "Madrid ch - Previa B 2013"]
[Site "Madrid ESP"]
[Date "2013.02.16"]
[Round "7.3"]
[White "Lopez Ziegler, Carlos"]
[Black "Arroyo Fernandez, Francisco J"]
[Result "1/2-1/2"]
[WhiteElo "1911"]
[BlackElo "1840"]
[PlyCount "44"]
[EventDate "2013.02.01"]
[EventType "swiss"]
[EventRounds "9"]
[EventCountry "ESP"]
[Source "lmi"]
[SourceDate "2013.02.01"]

1. e4 Nf6 2. d3 e5 3. Nc3 c6 4. Nf3 d6 5. Bg5 Be7 6. h3 Nbd7 7. Be2 O-O 8. a4
h6 9. Bxf6 Bxf6 10. Qd2 Re8 11. O-O Nf8 12. Rfe1 Ne6 13. Bf1 b6 14. Rad1 Bb7
15. Ne2 Qc7 16. Ng3 Nf4 17. d4 Rad8 18. c3 Bc8 19. d5 cxd5 20. exd5 g6 21. c4
Bg7 22. b3 f5 1/2-1/2

[Event "Madrid ch - Previa B 2013"]
[Site "Madrid ESP"]
[Date "2013.02.16"]
[Round "7.4"]
[White "Herrero Corada, Jose Ignacio"]
[Black "Dominguez Alfara, Miguel"]
[Result "0-1"]
[WhiteElo "1849"]
[BlackElo "1823"]
[PlyCount "74"]
[EventDate "2013.02.01"]
[EventType "swiss"]
[EventRounds "9"]
[EventCountry "ESP"]
[Source "lmi"]
[SourceDate "2013.02.01"]

1. e4 e5 2. Nf3 Nf6 3. Bc4 Nc6 4. Ng5 d5 5. exd5 Na5 6. Bb5+ c6 7. dxc6 bxc6 8.
Be2 h6 9. Nf3 e4 10. Ne5 Bc5 11. c3 Bd6 12. d4 Qc7 13. b4 Nb7 14. Qa4 O-O 15.
Nc4 Bxh2 16. g3 Bxg3 17. fxg3 Qxg3+ 18. Kd1 Ng4 19. Rf1 Be6 20. Bf4 Nf2+ 21.
Rxf2 Qxf2 22. Be3 Qg3 23. Kd2 Bd5 24. Nba3 f5 25. Rg1 Qh2 26. Rf1 f4 27. Bg1
Qg2 28. Ke1 f3 29. Bd1 e3 30. Nxe3 Rae8 31. Qc2 f2+ 32. Bxf2 Rxe3+ 33. Be2 Re6
34. c4 Bf3 35. Rg1 Qh3 36. Rg3 Qh1+ 37. Rg1 Qh5 0-1

[Event "Madrid ch - Previa B 2013"]
[Site "Madrid ESP"]
[Date "2013.02.16"]
[Round "7.5"]
[White "Marcos Herrero, Francisco"]
[Black "Yeves Miquel, Enrique"]
[Result "1-0"]
[WhiteElo "1895"]
[BlackElo "1742"]
[PlyCount "39"]
[EventDate "2013.02.01"]
[EventType "swiss"]
[EventRounds "9"]
[EventCountry "ESP"]
[Source "lmi"]
[SourceDate "2013.02.01"]

1. d4 d5 2. c4 c6 3. Nf3 Nf6 4. g3 dxc4 5. Bg2 g6 6. Ne5 Be6 7. Nc3 Nbd7 8. f4
Nxe5 9. fxe5 Nd5 10. O-O b5 11. Ne4 Qc8 12. Nc5 Bg7 13. e4 Nb6 14. Be3 Bh3 15.
Rxf7 Kxf7 16. Qf1+ Bf5 17. Bh3 e6 18. g4 Rf8 19. gxf5 Kg8 20. f6 1-0

[Event "Madrid ch - Previa B 2013"]
[Site "Madrid ESP"]
[Date "2013.02.16"]
[Round "7.6"]
[White "Alonso Herrero, Ignacio"]
[Black "Ordoñez Morales, Alberto"]
[Result "1-0"]
[WhiteElo "1789"]
[BlackElo "1836"]
[PlyCount "119"]
[EventDate "2013.02.01"]
[EventType "swiss"]
[EventRounds "9"]
[EventCountry "ESP"]
[Source "lmi"]
[SourceDate "2013.02.01"]

1. e4 e6 2. d4 d5 3. exd5 exd5 4. Bd3 Nf6 5. Bg5 Nc6 6. c3 Qe7+ 7. Qe2 Qxe2+ 8.
Nxe2 Be7 9. Nf4 Be6 10. Nd2 h6 11. Nxe6 fxe6 12. Bg6+ Kd7 13. Bh4 Raf8 14. Nf3
Bd6 15. O-O e5 16. dxe5 Nxe5 17. Bf5+ Kd8 18. Nxe5 Bxe5 19. Bg6 Kd7 20. Rfe1
Bd6 21. Re2 Ne4 22. Bxe4 dxe4 23. Rxe4 Re8 24. Rxe8 Rxe8 25. Kf1 Bxh2 26. Rd1+
Kc6 27. Rd3 Bf4 28. Bg3 Bxg3 29. Rxg3 Re7 30. Rg4 Kc5 31. f3 b5 32. b4+ Kb6 33.
Kf2 c5 34. Rg6+ Kc7 35. bxc5 Kb7 36. f4 a5 37. Rb6+ Kc7 38. Rxb5 Re4 39. Rxa5
Rxf4+ 40. Kg3 Rc4 41. Ra7+ Kc6 42. Rxg7 Rxc3+ 43. Kh4 Rc2 44. Kh5 Rxa2 45. Kxh6
Kxc5 46. g4 Kd5 47. Re7 Kd6 48. Re1 Rh2+ 49. Kg6 Rf2 50. g5 Rf3 51. Kg7 Rf2 52.
g6 Rf3 53. Kg8 Rf2 54. g7 Rg2 55. Re4 Rh2 56. Kf7 Rf2+ 57. Kg6 Rg2+ 58. Kf6 Kd5
59. Re5+ Kd6 60. Rg5 1-0

[Event "Madrid ch - Previa B 2013"]
[Site "Madrid ESP"]
[Date "2013.02.16"]
[Round "7.7"]
[White "Fernandez Rodriguez, Fernando J"]
[Black "Tirado Parra, Alberto"]
[Result "1/2-1/2"]
[WhiteElo "1733"]
[BlackElo "1920"]
[PlyCount "29"]
[EventDate "2013.02.01"]
[EventType "swiss"]
[EventRounds "9"]
[EventCountry "ESP"]
[Source "lmi"]
[SourceDate "2013.02.01"]

1. e4 d5 2. exd5 Qxd5 3. Nc3 Qa5 4. d4 c6 5. Nf3 Nf6 6. Bd2 Bf5 7. Bc4 e6 8.
O-O Nbd7 9. Re1 O-O-O 10. Nd5 Qa4 11. b3 Qa3 12. Bc1 Qd6 13. Bf4 Qa3 14. Bc1
Qd6 15. Bf4 1/2-1/2

[Event "Madrid ch - Previa B 2013"]
[Site "Madrid ESP"]
[Date "2013.02.16"]
[Round "7.8"]
[White "Lacaci Otero, Ivan"]
[Black "Largo Barbero, Benito"]
[Result "1/2-1/2"]
[WhiteElo "1671"]
[BlackElo "1916"]
[PlyCount "71"]
[EventDate "2013.02.01"]
[EventType "swiss"]
[EventRounds "9"]
[EventCountry "ESP"]
[Source "lmi"]
[SourceDate "2013.02.01"]

1. e4 d5 2. exd5 Qxd5 3. Nc3 Qa5 4. d4 Nf6 5. Bd3 Bg4 6. f3 Bh5 7. Nge2 c6 8.
Bd2 Qb6 9. Na4 Qc7 10. Nf4 Bg6 11. Qe2 Bxd3 12. Nxd3 Nbd7 13. O-O-O e6 14. Nc3
Nd5 15. Nxd5 cxd5 16. f4 g6 17. Kb1 Bg7 18. c3 a5 19. g4 O-O 20. h4 Rfe8 21. h5
Nf8 22. hxg6 fxg6 23. Qf2 Re7 24. Rde1 Rae8 25. Ne5 Bxe5 26. fxe5 Rf7 27. Qe2
Qc6 28. Bg5 Nd7 29. Ref1 Ref8 30. Bh6 Rxf1+ 31. Rxf1 Rxf1+ 32. Qxf1 Qc4 33. Qf3
b5 34. b3 Qc8 35. Qf1 Qc6 36. Kb2 1/2-1/2

[Event "Madrid ch - Previa B 2013"]
[Site "Madrid ESP"]
[Date "2013.02.16"]
[Round "7.9"]
[White "Peñas Merino, Ramona"]
[Black "Plazuelo Pascual, Juan"]
[Result "0-1"]
[WhiteElo "1684"]
[BlackElo "1870"]
[PlyCount "52"]
[EventDate "2013.02.01"]
[EventType "swiss"]
[EventRounds "9"]
[EventCountry "ESP"]
[Source "lmi"]
[SourceDate "2013.02.01"]

1. d4 d5 2. c4 e6 3. a3 c6 4. Nf3 dxc4 5. e4 b5 6. a4 Nf6 7. Bg5 Qa5+ 8. Nbd2
Qb4 9. e5 Nd5 10. axb5 cxb5 11. Qc2 Bb7 12. Be2 h6 13. Bh4 Nc6 14. O-O g5 15.
Bg3 g4 16. Nh4 Nxd4 17. Qd1 Nxe2+ 18. Qxe2 Qxb2 19. Rfb1 Nc3 20. Rxb2 Nxe2+ 21.
Kf1 Nxg3+ 22. hxg3 Bc6 23. Rba2 Bc5 24. f3 Bd4 25. Re1 c3 26. Nb3 Bd5 0-1

[Event "Madrid ch - Previa B 2013"]
[Site "Madrid ESP"]
[Date "2013.02.16"]
[Round "7.10"]
[White "Cano Mercado, Francisco Manuel"]
[Black "Lianes Garcia, Marcos"]
[Result "1-0"]
[WhiteElo "1865"]
[BlackElo "1724"]
[PlyCount "173"]
[EventDate "2013.02.01"]
[EventType "swiss"]
[EventRounds "9"]
[EventCountry "ESP"]
[Source "lmi"]
[SourceDate "2013.02.01"]

1. d4 Nf6 2. Bg5 Ne4 3. Bf4 d5 4. Nd2 Nxd2 5. Qxd2 Bf5 6. e3 c6 7. Ne2 e6 8.
Ng3 Bg6 9. h4 h6 10. h5 Bh7 11. Bd3 Bxd3 12. Qxd3 Qb6 13. O-O-O Na6 14. c3 Nc7
15. e4 Rc8 16. Rhe1 Be7 17. Kb1 Nb5 18. exd5 cxd5 19. Rc1 Na3+ 20. Ka1 Nc4 21.
Qc2 Qa5 22. Re2 Kd7 23. Nf5 Bd6 24. Nxd6 Nxd6 25. Bxd6 Kxd6 26. f4 Rce8 27.
Rce1 Re7 28. f5 Rhe8 29. fxe6 Rxe6 30. Rxe6+ Rxe6 31. Rxe6+ fxe6 32. Qe2 Ke7
33. Qg4 Kf7 34. Qg6+ Kf8 35. Qxe6 Qb5 36. Qf5+ Kg8 37. b3 Qc6 38. Kb2 a6 39. g4
Kh8 40. g5 hxg5 41. Qxg5 Kh7 42. Kc2 Qe6 43. Qe5 Qf7 44. Qg5 Qe6 45. Kb2 Qc6
46. a4 Qe6 47. Ka3 Qd6+ 48. b4 Qc6 49. Kb2 Qe6 50. Kb3 Qc6 51. Qe5 Qc4+ 52. Kb2
Qc6 53. Qg5 Qe6 54. Ka3 Qc6 55. Qe3 Qc4 56. Qg3 Qc6 57. Kb2 Qe6 58. Qf3 Qc6 59.
a5 Qe6 60. Kc2 Qc6 61. Qf5+ Kg8 62. Kd2 Kh8 63. Qg6 Qa4 64. h6 Qd7 65. hxg7+
Kg8 66. Qg5 Qf7 67. Qe5 Qf2+ 68. Kd3 Qf3+ 69. Kc2 Qf2+ 70. Kb3 Qf7 71. Ka3 Qd7
72. Qf6 Qc8 73. Qf8+ Qxf8 74. gxf8=Q+ Kxf8 75. c4 Ke7 76. Kb3 Kd6 77. cxd5 Kxd5
78. Kc3 b6 79. axb6 Kc6 80. Kc4 Kxb6 81. d5 Kb7 82. Kc5 Kc7 83. d6+ Kd7 84. Kb6
Kxd6 85. Kxa6 Kc7 86. b5 Kb8 87. Kb6 1-0